[Event "2nd Trophee Universitaire"]
[Site "La Roche sur Yon FRA"]
[Date "2007.03.03"]
[Round "6"]
[White "Pelletier,Y"]
[Black "David,Alb"]
[Result "0-1"]
[WhiteElo "2589"]
[BlackElo "2528"]

1.d4 Nf6 2.c4 g6 3.Nc3 Bg7 4.e4 d6 5.Nf3 O-O 6.Be2 e5 7.O-O Nc6 8.d5 Ne7
9.b4 Nh5 10.Re1 f5 11.Ng5 Nf6 12.Bf3 c6 13.Qb3 h6 14.Ne6 Bxe6 15.dxe6 Qc8
16.Rd1 Rd8 17.b5 Qxe6 18.bxc6 bxc6 19.Ba3 Kh7 20.Qa4 Rab8 21.Qa6 fxe4 22.Nxe4 Nf5
23.Nxf6+ Qxf6 24.Bxc6 Rb6 25.Qa4 Nd4 26.Bd5 Ne2+ 27.Kf1 Rf8 28.f3 Nc3 29.Qxa7 Rfb8
30.c5 dxc5 31.Bxc5 Rb2 32.Bb3 Qg5 33.Bf2 Nxd1 34.Rxd1 Rd8 35.Rxd8 Qxd8 36.g3 e4
37.fxe4 Qd3+ 38.Kg2 Qxe4+ 39.Kh3 Qf5+ 40.Kg2 Qe4+ 41.Kh3 Qf3  0-1

[Event "Open"]
[Site "Champs sur Marne FRA"]
[Date "2007.03.04"]
[Round "6"]
[White "Perez,Ale"]
[Black "Rrhioua,T"]
[Result "0-1"]
[WhiteElo "1824"]
[BlackElo "2289"]

1.d4 Nf6 2.c4 g6 3.Nc3 Bg7 4.Nf3 O-O 5.e4 d6 6.Be2 e5 7.O-O Nc6 8.h3 exd4
9.Nxd4 Nxe4 10.Nxc6 Nxc3 11.Nxd8 Nxd1 12.Nxb7 Nxb2 13.Rb1 Na4 14.Bf3 Rb8
15.Be3 Nb6 16.Na5 Bf5 17.Rbd1 Nc8 18.c5 Rb2 19.cxd6 Nxd6 20.Bd4 Rxa2 21.Bxg7 Kxg7
22.Ra1 Rxa1 23.Rxa1 c5 24.Nb7 Nxb7 25.Bxb7 Re8 26.Ba6 Re7 27.Kf1 Kf6 28.Rc1 c4
29.g4 Bd3+ 30.Kg2 Rc7 31.Kf3 Ke5 32.Ke3 Kd5 33.Ra1 Re7+ 34.Kf4 h6 35.Ra5+ Kd4
36.Rb5 c3 37.Ra5 Bxa6 38.Rxa6 c2 39.Rc6 Kd3 40.Kf3 Rd7  0-1

[Event "ch-SRB"]
[Site "Vrsac SRB"]
[Date "2007.03.05"]
[Round "2"]
[White "Arsovic,Z"]
[Black "Todorovic,J"]
[Result "0-1"]
[WhiteElo "2457"]
[BlackElo "2381"]

1.Nf3 Nf6 2.c4 g6 3.Nc3 Bg7 4.e4 d6 5.d4 O-O 6.Be2 e5 7.O-O Nc6 8.d5 Ne7
9.Kh1 Ne8 10.Rg1 Kh8 11.g4 Ng8 12.Be3 Bh6 13.g5 Bg7 14.Ne1 f5 15.f3 Rf7 16.Nd3 Ne7
17.Qd2 c6 18.Rac1 cxd5 19.cxd5 Bd7 20.a4 a6 21.b4 Nc8 22.Nb2 f4 23.Bf2 Bf8
24.b5 Be7 25.bxa6 bxa6 26.Na2 Bxg5 27.Nb4 Bh4 28.Bxa6 Bxf2 29.Qxf2 Bh3 30.Bb5 Ng7
31.Nc6 Qf6 32.Bf1 Bxf1 33.Qxf1 Nh5 34.Qh3 Na7 35.Nc4 Re8 36.Qg4 Ng7 37.Qg5 Qxg5
38.Rxg5 Nc8 39.Rb1 Rc7 40.N4a5 Ne7 41.Nxe7 Rcxe7 42.Nc4 Rd8 43.Rg2 Rc7 44.Rc2 Rdc8
45.Rbc1 Ne8 46.Na3 Rxc2 47.Rxc2 Ra8 48.Rc4 Kg7 49.Rb4 Kf6 50.Nc4 g5 51.Kg2 h5
52.h3 Ra7 53.a5 g4 54.hxg4 hxg4 55.Rb8 Rc7 56.Rxe8 Rxc4 57.a6 Rc2+ 58.Kf1 Ra2
59.fxg4 Rxa6 60.Re6+ Kg5 61.Kf2 Kxg4 62.Rg6+ Kh5 63.Rg8 Ra2+ 64.Kf3 Ra3+
65.Kf2 Re3 66.Rd8 Rxe4 67.Rxd6 Kg5 68.Rd8 Rd4 69.d6 Kf5 70.d7 Ke4 71.Kf1 Kf3
72.Ke1 e4 73.Rg8 Rxd7  0-1

[Event "I Open"]
[Site "La Laguna ESP"]
[Date "2007.03.07"]
[Round "3"]
[White "Perez Aleman,P"]
[Black "Rivas Crespo,A"]
[Result "1-0"]
[WhiteElo "2140"]
[BlackElo "1769"]

1.c4 Nf6 2.Nf3 g6 3.Nc3 Bg7 4.e4 d6 5.d4 O-O 6.Be2 e5 7.O-O Nc6 8.d5 Ne7
9.Ne1 Nd7 10.Be3 f5 11.f3 f4 12.Bf2 g5 13.a4 a5 14.Nd3 b6 15.b4 Rf6 16.Nb5 axb4
17.Qb1 Nc5 18.Qxb4 Nxd3 19.Bxd3 g4 20.Be2 gxf3 21.Bxf3 Rg6 22.a5 bxa5 23.Qd2 a4
24.Qd1 Bd7 25.Rxa4 Rxa4 26.Qxa4 c6 27.dxc6 Bxc6 28.Rd1 Bf8 29.Qa2 Kh8 30.Qb2 Bg7
31.Qa3 Nc8 32.Qa6 Ne7 33.Bh4 Qc8 34.Qa2 Qh3 35.Qf2 Nc8 36.Nxd6 Nxd6 37.Rxd6 Bxe4
38.Rxg6  1-0

[Event "I Open"]
[Site "La Laguna ESP"]
[Date "2007.03.08"]
[Round "5"]
[White "Gonzalez Marrero,J"]
[Black "Spasov,V"]
[Result "0-1"]
[WhiteElo "2306"]
[BlackElo "2588"]

1.d4 Nf6 2.Nf3 g6 3.c4 Bg7 4.Nc3 d6 5.e4 O-O 6.Be2 e5 7.O-O Nc6 8.d5 Ne7
9.b4 Nh5 10.Re1 a5 11.bxa5 Rxa5 12.a4 Ra8 13.Nd2 Nf4 14.Bf1 Nh5 15.Be2 Nf6
16.Nb3 c5 17.a5 Nd7 18.Nb5 Ra6 19.Ba3 f5 20.Nxd6 Rxd6 21.Nxc5 Nxc5 22.Bxc5 fxe4
23.Qb3 Rdf6 24.Bb6 Qe8 25.c5 Kh8 26.Bb5 Qf7 27.Bc4 Nf5 28.d6 Qe8 29.a6 bxa6
30.Bxa6 Nd4 31.Qb1 Bxa6 32.Rxa6 Rxf2 33.Ra7 Qc6 34.Rc7 Qd5 35.Re3 Bh6 36.Rh3 Ne2+  0-1

[Event "TCh-NOR 2006-7"]
[Site "Oslo NOR"]
[Date "2007.03.09"]
[Round "7"]
[White "Harestad,H"]
[Black "Hagesaether,E"]
[Result "1/2-1/2"]
[WhiteElo "2236"]
[BlackElo "2193"]

1.d4 g6 2.c4 Nf6 3.Nc3 Bg7 4.e4 d6 5.Nf3 O-O 6.Be2 e5 7.O-O Nc6 8.d5 Ne7
9.Nd2 Ne8 10.b4 f5 11.c5 Kh8 12.a4 Ng8 13.a5 Rb8 14.Nb5 fxe4 15.Nxa7 dxc5
16.Nxc8 Rxc8 17.Qb3 e3 18.fxe3 Rxf1+ 19.Bxf1 cxb4 20.Bb2 Nd6 21.Qxb4 Qg5
22.Rd1 Rf8 23.Nc4 Ne7 24.Nxd6 cxd6 25.Bc1 Nxd5 26.Qd2 Nf6 27.e4 Qxd2 28.Bxd2 Rc8
29.Bd3 Bf8 30.Rb1 Rc7 31.h3 Nd7 32.Bb4 Nc5 33.Bxc5 Rxc5 34.Rxb7 Rxa5 35.Bc4 Bh6
36.Rd7 Be3+ 37.Kh2 Rc5 38.Bd5 Bf4+ 39.Kg1 Be3+ 40.Kf1 Rc8 41.Rxd6 Bd4 42.Rd7  1/2-1/2

[Event "TCh-AUT 2006-7"]
[Site "Mattersburg AUT"]
[Date "2007.03.10"]
[Round "10"]
[White "Tratar,M"]
[Black "Weiss,C"]
[Result "1-0"]
[WhiteElo "2478"]
[BlackElo "2469"]

1.Nf3 Nf6 2.c4 g6 3.Nc3 Bg7 4.e4 d6 5.d4 O-O 6.Be2 e5 7.O-O Nc6 8.d5 Ne7
9.Nd2 a5 10.a3 Nd7 11.Rb1 f5 12.b4 axb4 13.axb4 Kh8 14.Qc2 Nf6 15.Rd1 fxe4
16.Ncxe4 Bf5 17.Bd3 Bxe4 18.Nxe4 Nxe4 19.Bxe4 Nf5 20.g3 Nd4 21.Qd3 Ra4 22.Be3 Qf6
23.Kg2 Rfa8 24.Bxd4 exd4 25.Rd2 Ra3 26.Rb3 Rxb3 27.Qxb3 Re8 28.Qd3 b6 29.h4 Re7
30.Ra2 Bf8 31.Ra8 Kg7 32.Rc8 Rf7 33.f3 h6 34.Ra8 g5 35.hxg5 hxg5 36.Ra1 Kg8
37.Rd1 Bg7 38.Bh7+ Kh8 39.Rh1 Re7 40.Bf5+ Bh6 41.Be6 Kg7 42.b5 Kh8 43.Qe4 Re8
44.Rd1 Bg7 45.Qg4 Rf8 46.Qh5+ Bh6 47.Rxd4 Kg7 48.Qg4 Ra8 49.Rf4 Qa1 50.Rf7+ Kh8
51.Qf5 Ra2+ 52.Kh3 Qf1+ 53.Kg4 Qxc4+ 54.Kh5  1-0

[Event "Eastern Class Championships"]
[Site "Sturbridge USA"]
[Date "2007.03.10"]
[Round "3"]
[White "Sarkar,J"]
[Black "Mac Intyre,P"]
[Result "1-0"]
[WhiteElo "2405"]
[BlackElo "2301"]

1.Nf3 Nf6 2.c4 g6 3.Nc3 Bg7 4.e4 d6 5.Be2 O-O 6.O-O e5 7.d4 Nc6 8.d5 Ne7
9.b4 c6 10.Nd2 a5 11.bxa5 Qxa5 12.Bb2 c5 13.a4 Ne8 14.Ra3 f5 15.exf5 gxf5
16.f4 Ng6 17.fxe5 Nxe5 18.Qc2 Nf6 19.Nb5 Qd8 20.Nf3 Nfg4 21.Nxe5 Nxe5 22.Rh3 Bd7
23.Bd3 Nxd3 24.Bxg7 Kxg7 25.Qxd3 Qf6 26.Qg3+ Kh8 27.Qxd6 Qxd6 28.Nxd6 Rxa4
29.Rb3 Rb8 30.Re1 Ra6 31.Rxb7  1-0

[Event "TCh-AUT 2006-7"]
[Site "Mattersburg AUT"]
[Date "2007.03.11"]
[Round "11"]
[White "Gerhold,M"]
[Black "Schein,KH"]
[Result "1-0"]
[WhiteElo "2218"]
[BlackElo "2241"]

1.Nf3 Nf6 2.c4 g6 3.Nc3 Bg7 4.e4 d6 5.d4 O-O 6.Be2 e5 7.O-O Nc6 8.d5 Ne7
9.b4 Nh5 10.Re1 Nf4 11.Bf1 f5 12.Bxf4 exf4 13.e5 g5 14.Nxg5 dxe5 15.Rc1 e4
16.Qh5 h6 17.Nh3 Qd6 18.c5 Qe5 19.Bc4 Kh8 20.Red1 Ng8 21.Ne2 Nf6 22.Qh4 f3
23.Nef4 Qe8 24.gxf3 exf3 25.Ng5 Ne4 26.Nxf3 Bd7 27.Nd4 Rf6 28.Nde6 Rg6+ 29.Nxg6+ Qxg6+
30.Kh1 Bf6 31.Qf4 Rg8 32.Rg1 Bg5 33.Nxg5 hxg5 34.Qe5+ Rg7 35.Rg2 f4 36.f3 Nf6
37.Rcg1 Qh6 38.Rxg5 Bc8  1-0

[Event "TCh-NOR 2006-7"]
[Site "Oslo NOR"]
[Date "2007.03.11"]
[Round "9"]
[White "Ostenstad,B"]
[Black "Gullaksen,E"]
[Result "1/2-1/2"]
[WhiteElo "2497"]
[BlackElo "2412"]

1.d4 Nf6 2.c4 g6 3.Nc3 Bg7 4.e4 d6 5.Nf3 O-O 6.Be2 e5 7.O-O Nc6 8.d5 Ne7
9.b4 a5 10.Ba3 axb4 11.Bxb4 b6 12.a4 Re8 13.Nd2 c5 14.Ba3 Rf8 15.Bc1 Ne8
16.Nb3 f5 17.Bd2 Nf6 18.f3 Bd7 19.Qc2 Nc8 20.Nb5 Nh5 21.g3 fxe4 22.fxe4 Bh3
23.Rxf8+ Qxf8 24.Bf1 Bd7 25.Bg2 Bh6 26.Rf1 Qg7 27.a5 bxa5 28.Nxa5 Rxa5 29.Bxa5 Be3+
30.Rf2 Nf6 31.h3 Qh6 32.Bd8 Qf8 33.Ba5 Qh6 34.Bd2 Bxf2+ 35.Kxf2 Qh5 36.g4 Qh4+
37.Kf1 h5 38.Be1 Qg5 39.Bd2 Qh4 40.Be1  1/2-1/2

[Event "Agzamov Mem"]
[Site "Tashkent UZB"]
[Date "2007.03.19"]
[Round "5"]
[White "Arestanov,T"]
[Black "Yurtaev,L"]
[Result "0-1"]
[WhiteElo "2324"]
[BlackElo "2476"]

1.d4 Nf6 2.c4 g6 3.Nc3 Bg7 4.e4 d6 5.Nf3 O-O 6.Be2 e5 7.O-O Nc6 8.d5 Ne7
9.Ne1 Nd7 10.Be3 f5 11.f3 h5 12.a4 Kh7 13.a5 Bh6 14.Bxh6 Kxh6 15.Qd2+ f4
16.Nd3 g5 17.b4 Nf6 18.c5 Ng6 19.cxd6 cxd6 20.Rac1 Bd7 21.Nb2 g4 22.Nb5 gxf3
23.gxf3 Bxb5 24.Bxb5 Nh7 25.Kh1 Ng5 26.a6 bxa6 27.Bxa6 Nh4 28.Qe2 Rg8 29.Nc4 Rg6
30.Na5 Qb6 31.Bc8 Ngxf3 32.Nc4 Qxb4 33.Be6 Rb8 34.Bf7 Rg2 35.Rf2 Qxc4  0-1

[Event "Open"]
[Site "Zagreb CRO"]
[Date "2007.03.19"]
[Round "3"]
[White "Takac,Z"]
[Black "Klement,D"]
[Result "1-0"]
[WhiteElo "2142"]
[BlackElo "1939"]

1.d4 Nf6 2.c4 g6 3.Nc3 d6 4.e4 Bg7 5.Nf3 O-O 6.Be2 e5 7.O-O Nc6 8.d5 Ne7
9.Ne1 Nd7 10.Nd3 f5 11.f3 f4 12.g4 g5 13.Bd2 a5 14.Rc1 b6 15.a3 Rf6 16.b4 axb4
17.axb4 Bb7 18.Nb5 c6 19.dxc6 Bxc6 20.Qb3 Kh8 21.Nc3 h5 22.h3 Rh6 23.Kg2 h4
24.Rfd1 Bf8 25.Be1 Rh7 26.Bf2 Nc8 27.c5 Qf6 28.b5 dxc5 29.bxc6 Qxc6 30.Nd5 b5
31.Qc3 Bd6 32.Bxc5 Ra2 33.Bxd6 Rxe2+ 34.Kf1  1-0

[Event "Open"]
[Site "Zagreb CRO"]
[Date "2007.03.20"]
[Round "4"]
[White "Bender,I"]
[Black "Takac,Z"]
[Result "1-0"]
[WhiteElo "2311"]
[BlackElo "2142"]

1.d4 Nf6 2.c4 g6 3.Nc3 Bg7 4.e4 d6 5.Nf3 O-O 6.Be2 e5 7.O-O Nc6 8.d5 Ne7
9.b4 a5 10.bxa5 Nd7 11.Nd2 f5 12.f3 Rxa5 13.Nb3 Ra8 14.a4 b6 15.a5 bxa5 16.c5 dxc5
17.Be3 Ba6 18.Bxa6 Rxa6 19.Na4 fxe4 20.Nbxc5 Nxc5 21.Nxc5 Nxd5 22.Nxa6 Nxe3
23.Qb3+ Qd5 24.Qxe3 exf3 25.Nxc7 Qd7 26.Rac1 Rc8 27.Qxf3 Bh6 28.Rfd1 Qe7
29.Qh3  1-0

[Event "zt 2.5 m"]
[Site "San Luis ARG"]
[Date "2007.03.21"]
[Round "4"]
[White "Salas,Cr"]
[Black "Lemos,D"]
[Result "0-1"]
[WhiteElo "2418"]
[BlackElo "2439"]

1.d4 Nf6 2.c4 g6 3.Nc3 Bg7 4.e4 d6 5.Nf3 O-O 6.Be2 e5 7.O-O Nc6 8.d5 Ne7
9.Bg5 Nh5 10.Ne1 Nf4 11.Nd3 Nxe2+ 12.Qxe2 h6 13.Bd2 g5 14.b4 Ng6 15.g4 Nf4
16.Nxf4 exf4 17.f3 Bd7 18.Qd3 Be5 19.Rab1 Qf6 20.Ne2 h5 21.h3 Kg7 22.Kg2 Rh8
23.Rh1 Rh6 24.Bc3 Bxc3 25.Qxc3 Qxc3 26.Nxc3 Rah8 27.b5 Kf6 28.e5+ Kxe5 29.Rhe1+ Kf6
30.Ne4+ Kg6 31.Nf2 hxg4 32.fxg4 f5 33.Re7 R6h7 34.Rbe1 Rxe7 35.Rxe7 Rh7 36.Rxh7 Kxh7
37.Kf3 Kg6 38.Ke2 Kf6 39.Kd3 Ke5 40.a4 b6  0-1

[Event "66th ch-GEO"]
[Site "Tbilisi GEO"]
[Date "2007.03.21"]
[Round "7"]
[White "Gelazonia,P"]
[Black "Mchedlishvili,M"]
[Result "0-1"]
[WhiteElo "2268"]
[BlackElo "2583"]

1.d4 Nf6 2.c4 g6 3.Nc3 Bg7 4.e4 d6 5.Nf3 O-O 6.Be2 e5 7.O-O Nc6 8.d5 Ne7
9.b4 Nh5 10.Re1 f5 11.Nd2 Nf6 12.a4 f4 13.c5 g5 14.a5 Ng6 15.Ba3 g4 16.f3 g3
17.h3 Rf7 18.Rc1 Bf8 19.Qa4 Nh4 20.a6 b6 21.Qc6 Bd7 22.Qb7 Bxh3 23.Bf1 Rb8
24.c6 Rxb7 25.cxb7 Bd7 26.Nb5 Bxb5 27.Bxb5 h5 28.Kf1 Ng4 29.fxg4 hxg4  0-1

[Event "Open"]
[Site "Zagreb CRO"]
[Date "2007.03.21"]
[Round "5"]
[White "Jakupec,D"]
[Black "Klement,D"]
[Result "1-0"]
[WhiteElo "2124"]
[BlackElo "1939"]

1.d4 Nf6 2.Nf3 g6 3.c4 d6 4.Nc3 Bg7 5.e4 O-O 6.Be2 e5 7.O-O Nc6 8.d5 Ne7
9.Nd2 Nd7 10.b4 f5 11.c5 Nf6 12.f3 f4 13.Nc4 a6 14.a4 g5 15.Ba3 b6 16.Qb3 Ne8
17.cxb6 cxb6 18.Rac1 Ra7 19.Rc2 Rf6 20.b5 a5 21.Nxe5 dxe5 22.d6+ Kh8 23.dxe7 Qd4+
24.Kh1 Be6 25.Nd5 Rh6 26.Qc4 Kg8 27.Qxd4 exd4 28.Bc4 Bf7 29.Bb3 Be5 30.Rc8 Kg7
31.Rd1 Rd7 32.h3 g4 33.fxg4 f3 34.Rf1 fxg2+ 35.Kxg2 Bg6 36.Bc2 d3 37.Bxd3 Rxd5
38.exd5 Bxd3 39.Rxe8 Be4+ 40.Rf3 Rf6 41.Rg8+ Kh6 42.g5+  1-0

[Event "Jose Marca Castaneda mem Open"]
[Site "Lima PER"]
[Date "2007.03.22"]
[Round "4"]
[White "Ramos,Er"]
[Black "Pacheco,G"]
[Result "1-0"]
[WhiteElo "2278"]
[BlackElo "2201"]

1.d4 Nf6 2.c4 g6 3.Nc3 Bg7 4.e4 d6 5.Nf3 O-O 6.Be2 e5 7.O-O Nc6 8.dxe5 Nxe5
9.Bg5 Nxf3+ 10.Bxf3 h6 11.Bh4 Be6 12.Qb3 g5 13.Bg3 Nd7 14.Nd5 Nc5 15.Qc2 f5
16.exf5 Bxf5 17.Qd2 Nd3 18.Be2 Nc5 19.f3 Ne6 20.Kh1 Nd4 21.Bd3 Qd7 22.Bf2 Nc6
23.Rae1 Bxd3 24.Qxd3 Ne5 25.Qc2 c6 26.Ne3 Qf7 27.Bg3 Rae8 28.b3 Re6 29.f4 gxf4
30.Rxf4 Rf6 31.Ref1 Rxf4 32.Rxf4 Qg6 33.Rxf8+ Bxf8 34.Bxe5 Qxc2 35.Nxc2 dxe5
36.Kg1 Bc5+ 37.Kf1 Kf7 38.Ke2 Bg1 39.h3 Kf6 40.Kf3 h5 41.Ke4 a5 42.Ne1 Bf2
43.Nd3 Bd4 44.Ne1 Bf2 45.Nc2 Ke6 46.Ne3 b5 47.cxb5 cxb5 48.Nd5 Kd6 49.g4 hxg4
50.hxg4 Bh4 51.Nc3 b4 52.Na4 Bd8 53.Nb2 Ke6 54.Nc4 Bc7 55.g5 Bd8 56.g6 Bc7
57.Ne3 Bb6 58.Nf5 Bd8 59.Ne3 Bb6 60.g7 Kf7 61.Nf5 Bc7 62.Kd5 Bb8 63.Kc6 e4
64.Kd5 e3 65.Nxe3  1-0

[Event "Jose Marca Castaneda mem Open"]
[Site "Lima PER"]
[Date "2007.03.23"]
[Round "5"]
[White "Garcia,Jh"]
[Black "Fuentes,Mo"]
[Result "0-1"]
[WhiteElo "2251"]
[BlackElo "2289"]

1.Nf3 Nf6 2.d4 g6 3.c4 Bg7 4.Nc3 O-O 5.e4 d6 6.Be2 e5 7.O-O Nc6 8.d5 Ne7
9.b4 Nh5 10.Re1 f5 11.Ng5 Nf6 12.Bf3 Kh8 13.b5 Ne8 14.Qb3 Bf6 15.Ne6 Bxe6
16.dxe6 f4 17.c5 dxc5 18.Ba3 b6 19.Rad1 Nd6 20.Bb2 Bg7 21.Nd5 a6 22.bxa6 Rxa6
23.a3 Ra5 24.Qd3 Nec8 25.Bg4 h5 26.Bf3 Ra7 27.e7 Nxe7 28.Nxc7 Qxc7 29.Qxd6 Kh7
30.Qxc7 Rxc7 31.Rd6 Nc6 32.Be2 Rf6 33.Rd5 Nd4 34.Bc4 f3 35.Rxe5 fxg2 36.Kxg2 Nf3
37.Re3 Nd2 38.Bd5 Rf4 39.f3 c4 40.Bd4 Nb1 41.a4 c3 42.Re1 c2 43.Rc1 Rf8 44.Bb3 Nd2
45.Rxc2 Rxc2 46.Bxc2 Nxf3 47.Re7 Nxd4  0-1

[Event "ch-KAZ"]
[Site "Astana KAZ"]
[Date "2007.03.25"]
[Round "6"]
[White "Kairbekov,R"]
[Black "Issabayev,D"]
[Result "1-0"]
[WhiteElo "2239"]
[BlackElo "2258"]

1.d4 Nf6 2.c4 g6 3.Nc3 Bg7 4.e4 d6 5.Nf3 O-O 6.Be2 e5 7.O-O Nc6 8.Be3 Re8
9.dxe5 dxe5 10.Qxd8 Nxd8 11.Nb5 Ne6 12.Ng5 Re7 13.Rfd1 Nxg5 14.Bxg5 Be6 15.f4 h6
16.Bxf6 Bxf6 17.f5 gxf5 18.exf5 Bc8 19.Nc3 Re8 20.Ne4 Be7 21.g4 b6 22.Bf3 Bb7
23.Rd7 Bc5+ 24.Kg2 Bxe4 25.Bxe4 Rad8 26.Rad1 Rxd7 27.Rxd7 Re7 28.Rd8+ Kg7
29.Kf3 a5 30.b3 Bb4 31.h4 Kf6 32.g5+ hxg5 33.h5  1-0

[Event "zt 2.5 m"]
[Site "San Luis ARG"]
[Date "2007.03.25"]
[Round "9"]
[White "Ricardi,P"]
[Black "Lemos,D"]
[Result "1/2-1/2"]
[WhiteElo "2527"]
[BlackElo "2439"]

1.d4 Nf6 2.c4 g6 3.Nc3 Bg7 4.e4 d6 5.Nf3 O-O 6.Be2 e5 7.O-O Nc6 8.d5 Ne7
9.b4 Nh5 10.Re1 f5 11.Ng5 Nf6 12.f3 Kh8 13.b5 h6 14.Ne6 Bxe6 15.dxe6 Ne8
16.Be3 Qc8 17.c5 Qxe6 18.Qb3 Qxb3 19.axb3 dxc5 20.Bxc5 Nd6 21.Red1 Rfd8 22.Bc4 Bf6
23.b6 axb6 24.Rxa8 Rxa8 25.Bxd6 cxd6 26.Rxd6 Bg5 27.Kf1 Ra1+ 28.Ke2 Rc1 29.Rd8+ Kg7
30.Nb5 Rc2+ 31.Kf1 Rc1+ 32.Ke2 Rc2+ 33.Kf1 Rc1+  1/2-1/2

[Event "Spring Open"]
[Site "Belgrade SRB"]
[Date "2007.04.01"]
[Round "7"]
[White "Mihic,B"]
[Black "Jovicic,R"]
[Result "1/2-1/2"]
[WhiteElo "2369"]
[BlackElo "2278"]

1.d4 Nf6 2.Nf3 g6 3.c4 Bg7 4.Nc3 O-O 5.e4 d6 6.Be2 e5 7.O-O Nc6 8.d5 Ne7
9.Ne1 Nd7 10.Be3 f5 11.f3 f4 12.Bf2 g5 13.a4 h5 14.a5 a6 15.Nd3 Nf6 16.c5 g4
17.Na4 gxf3 18.Bxf3 Bg4 19.cxd6 cxd6 20.Nb6 Rb8 21.Bh4 Qe8 22.Nf2 Bxf3 23.Qxf3 Nc8
24.Nc4 Qg6 25.Bxf6 Bxf6 26.Rfc1 Bh4 27.Rc3 Rf7 28.Rac1 Na7 29.Nd3 Re8 30.Na3 Bd8
31.b4 b6 32.axb6 Bxb6+ 33.Kf1 Rg7 34.R1c2 Kh8 35.Ne1 Reg8 36.Qe2 a5 37.bxa5 Bxa5
38.Rh3 Rh7 39.Nf3 Bb4 40.Nh4 Qe8 41.Nf5 Bc5 42.Qa6 Qg6 43.Nc4 Rb8 44.Rb2 Rxb2
45.Nxb2 Qg4 46.Qa4 Qg6 47.Nd3 Rb7 48.Qd1 Nb5 49.Nxc5 dxc5 50.Qa1 Kh7 51.Qxe5 Nd4
52.Nxd4 Rb1+ 53.Kf2 Rb2+ 54.Nc2 Rxc2+ 55.Ke1 Rc1+ 56.Kd2 Qxg2+ 57.Kxc1 Qxh3
58.Qxf4 Qc3+ 59.Kd1 Qd3+  1/2-1/2

[Event "Bundesliga 2006-7"]
[Site "Muelheim GER"]
[Date "2007.04.01"]
[Round "15"]
[White "Figura,A"]
[Black "Scholz,C"]
[Result "1-0"]
[WhiteElo "2408"]
[BlackElo "2382"]

1.d4 Nf6 2.c4 g6 3.Nc3 Bg7 4.e4 d6 5.Nf3 O-O 6.Be2 e5 7.O-O Nc6 8.d5 Ne7
9.b4 Nh5 10.Re1 f5 11.Ng5 Nf6 12.f3 Nh5 13.c5 Kh8 14.Bf1 Nf4 15.Qb3 h6 16.Ne6 Bxe6
17.dxe6 fxe4 18.fxe4 Nc6 19.cxd6 cxd6 20.Nd5 Qh4 21.Qg3 Qxg3 22.hxg3 Nxe6
23.Be3 Kh7 24.Rec1 Rac8 25.Rc3 Ncd4 26.Rac1 Rxc3 27.Rxc3 a5 28.Bxd4 exd4
29.Rf3 axb4 30.Rxf8 Bxf8 31.Nxb4 Nc5 32.Bd3 Nxd3 33.Nxd3 h5 34.Kf2 Kg7 35.Nf4 Kh6
36.Ne6 Bg7 37.Nd8 Be5 38.Nxb7 Kg5 39.a4 Kg4 40.a5 Bxg3+ 41.Ke2 d3+ 42.Kxd3 h4
43.Kc4 g5 44.a6 Bf2 45.e5 Kg3 46.exd6 Kxg2 47.Nc5 h3 48.a7 h2 49.a8=Q+ Kg1
50.d7  1-0

[Event "Spring Open"]
[Site "Belgrade SRB"]
[Date "2007.04.02"]
[Round "8"]
[White "Maksimovic,Mir"]
[Black "Cetkovic,Mi"]
[Result "0-1"]
[WhiteElo "2219"]
[BlackElo "2237"]

1.d4 Nf6 2.c4 g6 3.Nc3 Bg7 4.e4 d6 5.Nf3 O-O 6.Be2 e5 7.O-O Nc6 8.d5 Ne7
9.b4 a5 10.Ba3 axb4 11.Bxb4 Nd7 12.a4 Nc5 13.Ne1 f5 14.Bxc5 dxc5 15.Nd3 b6
16.a5 Ba6 17.axb6 cxb6 18.Ra4 fxe4 19.Nxe4 Nf5 20.Bg4 Nd4 21.Qd2 h5 22.Bd1 b5
23.cxb5 Bxb5 24.Rxa8 Qxa8 25.Nexc5 Qxd5 26.Re1 e4 27.Rxe4 Bxd3 28.Rxd4 Qxd4
29.Nxd3 Ra8 30.Be2 Ra1+ 31.Bf1 Kh7 32.Qe2 Qc4 33.Qf3 Qb5 34.g3 Qb1 35.Qe2 Qd1
36.Qxd1 Rxd1 37.h4 Bd4 38.Nf4 Rd2 39.Nh3 Kg7 40.Kg2 Kf6 41.Bb5 Bc5 42.Bc6 Bf8
43.Bb7 Bh6 44.Bc6 Rb2 45.Bf3 Ke5 46.Bc6 Rb6 47.Ba4 Kd4 48.Bc2 Kc3 49.Be4 Kd2
50.Kf1 Re6 51.Bd5 Rf6 52.Be4 Be3 53.Kg2 Bxf2 54.Nf4 Be3 55.Nxg6 Bh6 56.Kh3 Ke3
57.Bc2 Rc6 58.Bf5 Kf2 59.Kh2 Rf6 60.Bc2 Rc6 61.Bf5 Rc5 62.Bb1  0-1

[Event "30th Open"]
[Site "San Sebastian ESP"]
[Date "2007.04.02"]
[Round "2"]
[White "Tratar,M"]
[Black "Tejedor Txapartegui,N"]
[Result "1-0"]
[WhiteElo "2476"]
[BlackElo "2095"]

1.Nf3 g6 2.d4 Bg7 3.c4 Nf6 4.Nc3 O-O 5.e4 d6 6.Be2 e5 7.O-O Nc6 8.d5 Ne7
9.Nd2 c5 10.Rb1 Ne8 11.b4 b6 12.bxc5 bxc5 13.Nb3 f5 14.Bg5 Bf6 15.Bd2 Kh8
16.Qc1 Ng8 17.f3 Rf7 18.Nd1 f4 19.Na5 Ne7 20.Rb3 g5 21.Nf2 h5 22.Qb2 Bd7
23.Rb1 Kh7 24.Rb8 Rxb8 25.Qxb8 Qxb8 26.Rxb8 Nc8 27.Nc6 Bxc6 28.dxc6 Rc7 29.Bd1 Ng7
30.Ba4 Nb6 31.Ba5 Rc8 32.Rxc8 Nxc8 33.c7  1-0

[Event "8th ch-Euro"]
[Site "Dresden GER"]
[Date "2007.04.04"]
[Round "2"]
[White "Zueger,B"]
[Black "Janda,Z"]
[Result "1-0"]
[WhiteElo "2415"]
[BlackElo "2180"]

1.d4 Nf6 2.c4 d6 3.Nf3 g6 4.Nc3 Bg7 5.e4 O-O 6.Be2 e5 7.O-O Nc6 8.d5 Ne7
9.Bg5 h6 10.Bxf6 Bxf6 11.b4 Bg7 12.Nd2 Kh8 13.c5 Ng8 14.Rc1 dxc5 15.bxc5 f5
16.Nc4 f4 17.d6 c6 18.Bg4 Bd7 19.Rb1 Rf7 20.Bxd7 Qxd7 21.f3 g5 22.Rf2 h5
23.Rfb2 Qc8 24.Na5 Rb8 25.Qb3 Nh6 26.Qa4 g4 27.Qxc6 Qd8 28.Nxb7 Qg5 29.d7 gxf3
30.d8=Q+ Rxd8 31.Nxd8 Rf6 32.Ne6 Qg4 33.Qe8+ Kh7 34.Nxg7 Qxg7 35.Qxh5  1-0

[Event "9th Open"]
[Site "Foxwoods USA"]
[Date "2007.04.04"]
[Round "1"]
[White "Gurevich,D"]
[Black "Aramil,W"]
[Result "1-0"]
[WhiteElo "2518"]
[BlackElo "2222"]

1.d4 Nf6 2.c4 g6 3.Nc3 Bg7 4.e4 d6 5.Nf3 O-O 6.Be2 e5 7.O-O Nc6 8.d5 Ne7
9.Ne1 Nd7 10.Be3 f5 11.f3 f4 12.Bf2 g5 13.Nb5 a6 14.Na7 Rf7 15.Nxc8 Nxc8
16.Rc1 Bf8 17.b4 Nf6 18.Nd3 Rg7 19.c5 h5 20.Kh1 Kh8 21.a4 Qe8 22.cxd6 cxd6
23.Rg1 Qg6 24.g3 fxg3 25.Rxg3 g4 26.Rg2 Nxe4 27.fxe4 Qxe4 28.Nb2 Ne7 29.Nc4 Qxd5
30.Nxd6 Qxd1+ 31.Rxd1 Nc6 32.Bc4 Bxd6 33.Rxd6 Nxb4 34.Bh4 Rc7 35.Bf6+ Kh7
36.Bd3+ Nxd3 37.Rxd3 Rc1+ 38.Rg1 Rxg1+ 39.Kxg1 e4 40.Rd8 Ra7 41.a5  1-0

[Event "Kaupthing IM"]
[Site "Reykjavik ISL"]
[Date "2007.04.04"]
[Round "1"]
[White "Sigfusson,S"]
[Black "Bjornsson,Si"]
[Result "1/2-1/2"]
[WhiteElo "2330"]
[BlackElo "2329"]

1.d4 Nf6 2.c4 g6 3.Nc3 Bg7 4.e4 d6 5.Nf3 O-O 6.Be2 e5 7.O-O Nc6 8.d5 Ne7
9.b4 a5 10.Ba3 Nd7 11.bxa5 Rxa5 12.Bb4 Ra8 13.a4 Kh8 14.a5 Ng8 15.Nd2 f5
16.Nb3 Rf7 17.c5 Bf8 18.c6 bxc6  1/2-1/2

[Event "8th ch-Euro"]
[Site "Dresden GER"]
[Date "2007.04.05"]
[Round "3"]
[White "Iskusnyh,S"]
[Black "Startsev,V"]
[Result "1-0"]
[WhiteElo "2482"]
[BlackElo "2246"]

1.d4 Nf6 2.c4 g6 3.Nc3 Bg7 4.e4 d6 5.Nf3 O-O 6.Be2 e5 7.O-O Nc6 8.d5 Ne7
9.b4 a5 10.Ba3 Bg4 11.c5 Ne8 12.bxa5 Bxf3 13.Bxf3 f5 14.cxd6 Nxd6 15.Bb4 fxe4
16.Nxe4 Nef5 17.g3 Nxe4 18.Bxe4 Nd6 19.Qd3 Rf7 20.Rab1 Qd7 21.Bxd6 cxd6 22.Rb5 Qc7
23.Qc2 Qd8 24.Qd2 Bf8 25.Rfb1 Qc8 26.Kg2 Qc4 27.R1b4 Qc7 28.h4 Be7 29.h5 gxh5
30.Rxb7 Qxa5 31.Qh6 Raf8 32.f3 Qxa2+ 33.Rb2 Qa1 34.Qxh5 Qc1 35.Rb8 Bd8 36.Rc2 Qg5
37.Qxg5+ Bxg5 38.Rb6 Rd8 39.Rcc6 Be3 40.Rb3 Bc5 41.Ra6 Kg7 42.Rb1 Rh8 43.Ra2 Kf6
44.Rab2 Rg7 45.Rb7 Rhg8 46.Rxg7 Rxg7 47.Rh1 Be3 48.Rh3 h6 49.Kf1 Rc7 50.Ke2 Bg5
51.Kd3 Rc1  1-0

[Event "8th ch-Euro"]
[Site "Dresden GER"]
[Date "2007.04.05"]
[Round "3"]
[White "Van Hoolandt,P"]
[Black "Schnoor,E"]
[Result "1/2-1/2"]
[WhiteElo "2257"]
[BlackElo "1905"]

1.d4 Nf6 2.c4 g6 3.Nc3 Bg7 4.e4 d6 5.Nf3 O-O 6.Be2 e5 7.O-O Nc6 8.d5 Ne7
9.Ne1 Nd7 10.f3 f5 11.g4 Nf6 12.Nd3 c6 13.Bd2 Kh8 14.Rc1 b5 15.dxc6 bxc4
16.Nb4 Nxc6 17.Nxc6 Qb6+ 18.Kh1 Qxc6 19.g5 Nd7 20.Nd5 Nc5 21.Rxc4 a5 22.Ne7 Qb7
23.Nxc8 Raxc8 24.b4 axb4 25.Rxb4 Qa8 26.Qb1 Rb8 27.exf5 gxf5 28.a3 e4 29.Bf4 Rbd8
30.Rb6 Be5 31.Bxe5+ dxe5 32.Qb2 Rfe8 33.Rb5 Rb8 34.f4 Nd3 35.Rxb8 Rxb8 36.Qa1 Rb2
37.Qd1 Nxf4 38.Rxf4 Rxe2 39.Qxe2 exf4 40.Qb2+ Kg8 41.Qb3+ Kg7 42.Qc3+ Kg8
43.Qc4+ Kh8 44.Qd4+  1/2-1/2

[Event "19th Kreuz Open"]
[Site "Lenk SUI"]
[Date "2007.04.06"]
[Round "2"]
[White "Pavlovic,Milos"]
[Black "Nuri,Kam"]
[Result "1-0"]
[WhiteElo "2534"]
[BlackElo "2175"]

1.Nf3 Nf6 2.c4 g6 3.Nc3 Bg7 4.e4 O-O 5.d4 d6 6.Be2 e5 7.O-O Nc6 8.d5 Ne7
9.a4 Nd7 10.a5 f5 11.Ng5 Nf6 12.Bf3 h6 13.Ne6 Bxe6 14.dxe6 fxe4 15.Nxe4 Nxe4
16.Bxe4 c6 17.a6 b6 18.Ra3 Rf6 19.b4 Rxe6 20.b5 Rc8 21.bxc6 Rf6 22.f4 exf4
23.Rxf4 Qf8 24.Raf3 Nf5 25.Bb2 Ne3 26.Rxf6 Bxf6 27.Qd3 Ng4 28.Qd5+ Kg7 29.Qe6 Re8
30.Qxg4  1-0

[Event "Easter Open"]
[Site "Oberhausen GER"]
[Date "2007.04.06"]
[Round "3"]
[White "Sokalsky,A"]
[Black "Bienhuels,M"]
[Result "1-0"]
[WhiteElo "2199"]
[BlackElo "2061"]

1.d4 Nf6 2.Nf3 g6 3.c4 Bg7 4.Nc3 O-O 5.e4 d6 6.Be2 e5 7.O-O Nc6 8.d5 Ne7
9.a4 Ne8 10.a5 a6 11.b4 f5 12.Ba3 f4 13.c5 Kh8 14.Rc1 Bf6 15.Na4 g5 16.Nd2 Rg8
17.Bg4 Bxg4 18.Qxg4 Ng7 19.cxd6 cxd6 20.Nb6 Rb8 21.Qd7 Qf8 22.Qxd6 Qf7 23.Nd7 Nh5
24.Nxb8 g4 25.Nd7 g3 26.fxg3 Qg7 27.Nxf6 Nxf6 28.Bb2 Ng6 29.Bxe5 Nxe5 30.Qxe5  1-0